Komplexní program vědeckotechnického pokroku členských zemí RVHP do roku 2000 Program dlouhodobé hospodářské a vědeckotechnické spolupráce mezi ČSSR a SSSR na období do roku 2000. Program rozvoje hospodářské a vědeckotechnické spolupráce mezi ČSSR a NDR

Salvato in:
Dettagli Bibliografici
Natura: Libro
Lingua:ceco
Pubblicazione: Praha Svoboda 1986
Edizione:1. vyd.
Tags: Aggiungi Tag
Nessun Tag, puoi essere il primo ad aggiungerne!!

MARC

LEADER 00000nam a2200000 4500
001 c026875
005 20240911070150.5
041 0 |a cze 
044 |a CZ 
245 1 0 |a Komplexní program vědeckotechnického pokroku členských zemí RVHP do roku 2000  |b Program dlouhodobé hospodářské a vědeckotechnické spolupráce mezi ČSSR a SSSR na období do roku 2000. Program rozvoje hospodářské a vědeckotechnické spolupráce mezi ČSSR a NDR 
250 |a 1. vyd. 
264 1 |a Praha  |b Svoboda  |c 1986 
300 |a 50 s.